000 00477nam a2200181Ia 4500
001 21773
003 GE_BSU
008 181216s||||||||xx |||||||||||||| ||und||
040 _cGE_BSU
245 4 _aThe Economist, December 16th-22nd. №9071. 2017
260 _aLondon
260 _c2017
300 _a78 p. 27cm. ill.
653 _aThe Economist, December 16th-22nd. №9071. 2017
653 _aПериодика
653 _aპერიოდიკა
942 _cCR
999 _c54706
_d54706